000 00941nam a22002537a 4500
005 20170124102958.0
010 _aB-158118
020 _c70.00
_a8188213136
035 _aB-158118
037 _bCen Lib/Ret
040 _aDPL
_bHN
082 _a821
_bजोशीज
100 _aजोशी, जगदीश
_955952
245 _aशैल-रेखा /
_cजगदीश जोशी
246 _aShail-rekha /
_bby Jagdeesh Joshi
260 _aइलाहाबाद
_bलहर प्रकाशन
_c2000
270 _bइलाहाबाद
_a778, मुठ्ठीगंज
300 _a80पृ.
_c20सेमी (सजिल्द)
650 _aहिन्दी -- साहित्य
_955953
650 _aहिन्दी -- कविताएँ
_955954
650 _aHindi -- Literature
_955955
650 _aHindi - Poems
_955956
942 _2ddc
_cHN
_h821
_mजोशीज
999 _c113751
_d113751